Appeal Review of Current Law and Law Reform /

Detalles Bibliográficos
Formato: eBook
Lenguaje:inglés
Publicado: Victoria: University of Victoria Law, 1995 -
Materias:
Acceso en línea:Acceso restringido

MARC

LEADER 00000nam a22000007a 4500
005 20220506225011.0
007 cr|||| ||||
008 220506c20219999ca ar|w s|||| 0|||b1eng d
022 |a 1205-612X 
035 |a 33292 
040 |a vLex 
090 |c 13292  |d 13292 
245 0 0 |a Appeal  |h [Recurso electrn̤ico] :  |b Review of Current Law and Law Reform / 
256 |a Servicio en ln̕ea 
260 |a Victoria:  |b University of Victoria Law,  |c 1995 - 
300 |a 1 recurso electrn̤ico 
310 |a Anual 
362 |a Nð 1 (Ene. 1995) - 
506 1 |a Disponible solo en los productos indicados  |d vLex Global  |d vLex Global (Academic Edition, excluding Law Schools)  |d vLex Global (U.S. Academic Edition, Law Schools)  |d vLex Global (U.S. Academic Edition, excluding Law Schools)  |d vLex Global (Academic Edition, Law Schools) 
650 0 4 |a Derecho Civil 
650 0 4 |a Derecho Penal 
650 0 4 |a Derecho Fiscal 
650 0 4 |a Derecho del Medio Ambiente 
650 0 4 |a Derecho Constitucional 
650 0 4 |a Derecho Procesal 
650 0 4 |a Derecho Internacional 
650 0 4 |a Economa̕ y negocios 
740 0 |a vLex Revistas (Servicio en ln̕ea) 
856 4 0 |u https://app.vlex.com/#/sources/33292  |z Acceso restringido 
942 |c REV 
999 0 |a Civil Law 
999 0 |a Criminal Law 
999 0 |a Tax Law 
999 0 |a Environmental Law 
999 0 |a Constitutional Law 
999 0 |a Procedural Law 
999 0 |a International Law 
999 0 |a Economy and business